ARRUPE JESUIT UNIVERSITY

CORONAVIRUS -STOP THE SPREAD - CLEAN,DISINFECT,COVER

African switchback. (Record no. 119139)

MARC details
000 -LEADER
fixed length control field 00777cam a22002411 4500
001 - CONTROL NUMBER
control field 7478774
003 - CONTROL NUMBER IDENTIFIER
control field ARRUPE
005 - DATE AND TIME OF LATEST TRANSACTION
control field 20131209122452.0
008 - FIXED-LENGTH DATA ELEMENTS--GENERAL INFORMATION
fixed length control field 760302s1958 enka 000 0 eng
010 ## - LIBRARY OF CONGRESS CONTROL NUMBER
LC control number 58044399
015 ## - NATIONAL BIBLIOGRAPHY NUMBER
National bibliography number GB58-9661
035 ## - SYSTEM CONTROL NUMBER
System control number (OCoLC)2025511
040 ## - CATALOGING SOURCE
Original cataloging agency DLC
Transcribing agency FJUNF
Modifying agency Uk
-- DLC
050 00 - LIBRARY OF CONGRESS CALL NUMBER
Classification number SPC DT471
Item number .M84
300 ## - PHYSICAL DESCRIPTION
Other physical details illus.
Dimensions 23 cm.
100 1# - MAIN ENTRY--PERSONAL NAME
Personal name Mosley, Nicholas,
Dates associated with a name 1923-
9 (RLIN) 5344
245 10 - TITLE STATEMENT
Title African switchback.
260 ## - PUBLICATION, DISTRIBUTION, ETC. (IMPRINT)
Place of publication, distribution, etc London,
Name of publisher, distributor, etc Weidenfeld and Nicolson
Date of publication, distribution, etc [1958]
300 ## - PHYSICAL DESCRIPTION
Extent 223 p.
500 ## - GENERAL NOTE
General note The experiences of the author and novelist Hugo Charteris while traveling by car from Dakar to Lagos.
651 #0 - SUBJECT ADDED ENTRY--GEOGRAPHIC NAME
Geographic name Africa, West
General subdivision Description and travel.
9 (RLIN) 5345
906 ## - LOCAL DATA ELEMENT F, LDF (RLIN)
a 7
b cbc
c oclcrpl
d u
e ncip
f 19
g y-gencatlg
942 ## - ADDED ENTRY ELEMENTS (KOHA)
Source of classification or shelving scheme Library of Congress Classification
Koha item type Monograph ( Printed materials)
Holdings
Withdrawn status Lost status Source of classification or shelving scheme Damaged status Not for loan Home library Current library Shelving location Date acquired Total Checkouts Full call number Barcode Date last seen Price effective from Koha item type
    Library of Congress Classification     ARRUPE LIBRARY ARRUPE LIBRARY Main Collection 09/12/2013   SPC DT471 .M84 464123150 09/12/2013 09/12/2013 Monograph ( Printed materials)

 

Arrupe Library. PO Box MP320 Mt Pleasant, Harare, Zimbabwe
263 242 745411|librarian@aju.ac.zw